Essentials of organisational behaviour / (Record no. 1760)

MARC details
000 -LEADER
fixed length control field 00620nam a2200205 ar4500
001 - CONTROL NUMBER
control field 1762
005 - DATE AND TIME OF LATEST TRANSACTION
control field 20221127090300.0
008 - FIXED-LENGTH DATA ELEMENTS--GENERAL INFORMATION
fixed length control field 100213s xxka 00110 eng d
020 ## - INTERNATIONAL STANDARD BOOK NUMBER
International Standard Book Number 9780273716464(pbk) :
Terms of availability SR200.00
082 04 - DEWEY DECIMAL CLASSIFICATION NUMBER
Classification number 658
Item number M817 2008
100 1# - MAIN ENTRY--PERSONAL NAME
Personal name Mullins, Laurie J.
245 10 - TITLE STATEMENT
Title Essentials of organisational behaviour /
Statement of responsibility, etc. Laurie Mullins.
250 ## - EDITION STATEMENT
Edition statement 2nd ed.
260 ## - PUBLICATION, DISTRIBUTION, ETC.
Place of publication, distribution, etc. Harlow, England ;
-- New York :
Name of publisher, distributor, etc. FT/Prentice Hall,
Date of publication, distribution, etc. 2008.
300 ## - PHYSICAL DESCRIPTION
Extent xxii, 517 p. :
Other physical details ill. ;
Dimensions 27 cm.
500 ## - GENERAL NOTE
General note Includes index.
500 ## - GENERAL NOTE
General note Previous ed. : 2006.
650 #4 - SUBJECT ADDED ENTRY--TOPICAL TERM
Topical term or geographic name entry element Organizational behavior.
650 #4 - SUBJECT ADDED ENTRY--TOPICAL TERM
Topical term or geographic name entry element Management.
Holdings
Withdrawn status Lost status Source of classification or shelving scheme Damaged status Not for loan Home library Current library Date acquired Total Checkouts Full call number Barcode Date last seen Copy number Price effective from Koha item type
              11/27/2022   658 M817 2008 1000000006395 11/27/2022 C2 11/27/2022 Book
          CENTRAL CENTRAL 11/27/2022   658 M817 2008 1000000005905 11/27/2022 C1 11/27/2022 Book